| 000 | 00785nam a22002177a 4500 | ||
|---|---|---|---|
| 005 | 20170420121152.0 | ||
| 010 | _aENG-117892 | ||
| 020 |
_c1155.00 _a9791470437299 |
||
| 035 | _aEN-101424 | ||
| 037 | _bDBAD/PUB | ||
| 082 | _a512.5 | ||
| 100 | _a Colonius, Fritz | ||
| 245 |
_aDynamical systems and liner Algebra / _cby Fritz Colonius [and] Wolfgana Kliemann |
||
| 260 |
_aNew Delhi _bAmerican Mathematical Society _c2017 |
||
| 270 |
_aDistributed by Universties Press,3-6-747/1/A3-6-754/1Himayat Nagar _bHydreabad (Telangana) _e500029 |
||
| 300 |
_axv,284p. _c24cm(pbk) |
||
| 490 | _aGraduate Studies in Mathematics ; Volume 158 | ||
| 500 | _aIncludes bibliographical references and index | ||
| 700 | _aKliemann, Wolfgana | ||
| 942 |
_2ddc _cEN _h512.5 _mCOL |
||
| 999 |
_c139111 _d139111 |
||